<?xml version="1.0" encoding="UTF-8"?>
<marc:record xmlns:marc="http://www.loc.gov/MARC21/slim">
   <marc:leader>00000nam a2200000 a 4500</marc:leader>
   <marc:datafield ind1="1" ind2=" " tag="100">
      <marc:subfield code="a">Hergge-Leopold, Elisabeth</marc:subfield>
      <marc:subfield code="4">aut</marc:subfield>
      <marc:subfield code="e">Verfasser/-in</marc:subfield>
   </marc:datafield>
   <marc:datafield ind1=" " ind2=" " tag="653">
      <marc:subfield code="a">Erinnerung</marc:subfield>
   </marc:datafield>
   <marc:datafield ind1=" " ind2=" " tag="653">
      <marc:subfield code="a">Geschichten</marc:subfield>
   </marc:datafield>
   <marc:datafield ind1=" " ind2=" " tag="653">
      <marc:subfield code="a">Lavanttal</marc:subfield>
   </marc:datafield>
   <marc:datafield ind1=" " ind2=" " tag="653">
      <marc:subfield code="a">Weihnachten</marc:subfield>
   </marc:datafield>
   <marc:datafield ind1="0" ind2="0" tag="245">
      <marc:subfield code="a">Weihnachten im Lavanttal</marc:subfield>
   </marc:datafield>
   <marc:datafield ind1="0" ind2="0" tag="245">
      <marc:subfield code="c">Elisabeth Hergge-Leopold</marc:subfield>
   </marc:datafield>
   <marc:datafield ind1=" " ind2="1" tag="264">
      <marc:subfield code="a">Wolfsberg</marc:subfield>
      <marc:subfield code="b">der wolf verlag</marc:subfield>
      <marc:subfield code="c">2000</marc:subfield>
   </marc:datafield>
   <marc:datafield ind1="1" ind2=" " tag="520">
      <marc:subfield code="a">Weihnachtserinnerungen und Geschichten von&lt;br/&gt;Siegfried Bauer&lt;br/&gt;Walter Kogler&lt;br/&gt;Christoph Habsburg-Lothringen&lt;br/&gt;Andreas Graf Henckel-Donnersmarck&lt;br/&gt;Hubert Hochleitner&lt;br/&gt;Manfred Kraxner&lt;br/&gt;Edith Lienbacher&lt;br/&gt;Christine Loike&lt;br/&gt;Peter Quendler&lt;br/&gt;Cölestin Spendel&lt;br/&gt;Otto Sterling&lt;br/&gt;Peter Thalhammer&lt;br/&gt;Alois Thurner&lt;br/&gt;Josef Trippolt&lt;br/&gt;Margaretha Ehrlich&lt;br/&gt;Rudolf Gallob&lt;br/&gt;Eddy Klemel&lt;br/&gt;Werner Kristan&lt;br/&gt;Friedrich Orter&lt;br/&gt;Helmuth Niedersüß&lt;br/&gt;Karl Schüßler&lt;br/&gt;Ludwig Steinweiß&lt;br/&gt;Dieter Szolar&lt;br/&gt;Albero Thonhauser&lt;br/&gt;Othmar Triebel&lt;br/&gt;Franz Josef Zraunig</marc:subfield>
   </marc:datafield>
   <marc:datafield ind1=" " ind2=" " tag="020">
      <marc:subfield code="a">9787901551374</marc:subfield>
      <marc:subfield code="9">9787901551374</marc:subfield>
   </marc:datafield>
   <marc:datafield ind1=" " ind2=" " tag="020">
      <marc:subfield code="a">7901551379</marc:subfield>
      <marc:subfield code="9">7901551379</marc:subfield>
   </marc:datafield>
   <marc:datafield ind1=" " ind2=" " tag="041">
      <marc:subfield code="a">ger</marc:subfield>
   </marc:datafield>
   <marc:datafield ind1=" " ind2=" " tag="300">
      <marc:subfield code="b">Ill.</marc:subfield>
   </marc:datafield>
   <marc:datafield ind1="1" ind2=" " tag="521">
      <marc:subfield code="a">0</marc:subfield>
   </marc:datafield>
   <marc:datafield ind1=" " ind2=" " tag="300">
      <marc:subfield code="a">117 S.</marc:subfield>
   </marc:datafield>
</marc:record>
